Frank LLoyd Wright collected writings

Salvato in:
Dettagli Bibliografici
Autore principale: Pfeiffer, Bruce Brooks (Autore)
Natura: Libro
Lingua:inglese
Pubblicazione: Nueva York The Frank Lloyd Wright Foundation 1992
Soggetti:
Tags: Aggiungi Tag
Nessun Tag, puoi essere il primo ad aggiungerne!!

MARC

LEADER 00000nam a2200000 a 4500
001 UCQ8462
003 CL-VaPUC
008 981209e19920000US |||||||||||||||||eng|d
082 0 4 |a 720.92  |b PFE  |2 21 
100 0 |a Pfeiffer, Bruce Brooks  |e author  |9 422445 
245 1 0 |a Frank LLoyd Wright collected writings 
300 |a v 
942 |c BK 
945 |d 19981209 00:00:00  |a aarredon 
260 |a Nueva York  |b The Frank Lloyd Wright Foundation  |c 1992 
500 |a v.1: 1894-1930 
500 |a v.2: 1930-1932 
500 |a v.3: 1931-1939 
500 |a v.5:1949-1959 
600 0 7 |a WRIGHT, FRANK LLOYD  |2 CL-VaPUC  |9 266860 
650 0 |a Arquitectura moderna  |9 265021 
650 0 |a Diseños arquitectónicos  |9 370631 
650 7 |a DISEÑOS Y PLANOS  |2 CL-VaPUC  |9 262672 
650 0 |a Biografías  |9 255210 
650 7 |a CONSTRUCCIONES  |2 CL-VaPUC  |9 262690 
650 0 |a Viviendas   |9 255326 
583 |a last modification  |c 19981209 00:00:00  |k Rodrigo Vera 
999 |c 277716  |d 277714 
952 |0 0  |1 0  |4 0  |6 720_920000000000000_PFE_1992  |7 0  |8 A  |9 315884  |a BIBARQ  |b BIBARQ  |d 2019-11-20  |h v.1  |i 3483835  |o 720.92 PFE 1992  |p 3483835  |r 2025-01-20  |w 2019-11-20  |y BK  |k ARQ 
952 |0 0  |1 0  |4 0  |6 720_920000000000000_PFE_1992  |7 0  |8 A  |9 315885  |a BIBARQ  |b BIBARQ  |d 2019-11-20  |h v.2  |i 3483843  |o 720.92 PFE 1992  |p 3483843  |r 2025-01-20  |w 2019-11-20  |y BK  |k ARQ 
952 |0 0  |1 0  |4 0  |6 720_920000000000000_PFE_1992  |7 0  |8 A  |9 315886  |a BIBARQ  |b BIBARQ  |d 2019-11-20  |h v.3  |i 3483851  |o 720.92 PFE 1992  |p 3483851  |r 2025-01-20  |w 2019-11-20  |y BK  |k ARQ 
952 |0 0  |1 0  |4 0  |6 720_920000000000000_PFE_1992  |7 0  |8 A  |9 315887  |a BIBARQ  |b BIBARQ  |d 2019-11-20  |h v.5  |i 348386K  |o 720.92 PFE 1992  |p 348386K  |r 2025-01-20  |w 2019-11-20  |y BK  |k ARQ